00670nam a2200193 a 450000500170000000800410001702000180005805000250007610000200010124500640012125000120018526000430019730000340024052100080027465000360028265000390031865000570035765000620041420140310183340.0061130s19uu xx 00 eng d a0-205-41822-8 aHV 6626.2b.W35 2005 aWallace, Harvey aFamily violence :blegal, medical, and social perspectives. a4th ed. aU.S.A :bPearson Education Inc,c2005. a422 p. :bcol. ill. ;c26 cm. aNUR aFamily violencexUnited States. aFamily social workxUnited States. aFamily violencexLaw and legislationxUnited States. aVictims of family violencexMental healthxUnited States.